Facultad de Derecho – Universidad Nacional de Mar del Plata

Negociación Colectiva (Record no. 4587)

MARC details
000 -CABECERA
campo de control de longitud fija 00454nam a22001337a 4500
020 ## - NUMERO INTERNACIONAL NORMALIZADO PARA LIBROS (ISBN)
International Standard Book Number 9789872446406
080 ## - NUMERO DE CLASIFICACION DECIMAL UNIVERSAL (CDU)
Número de la Clasificación Decimal Universal 351 N 313
245 ## - MENCION DE TITULO
Título propiamente dicho Negociación Colectiva
260 ## - PUBLICACION, DISTRIBUCION, ETC. (PIE DE IMPRENTA)
Lugar de publicación, distribución, etc. Buenos Aires
Nombre del editor, distribuidor, etc. IEC- CONADU
Fecha de publicación, distribución, etc. 2012
300 ## - DESCRIPCION FISICA
Extensión 213 p.
650 ## - ASIENTO SECUNDARIO DE MATERIA - TERMINO TEMATICO
Subdivisión general administracion publica
-- empleo publico
-- negociacion colectiva
-- ley 23929
-- ley 24185
-- ley 24521
-- ley 24447
-- convenio colectivo de trabajo
-- docentes
-- ADUM
-- UNMDP
-- OIT
942 ## - ELEMENTOS AGREGADOS (KOHA)
Clasificación normalizada de Koha para alfabetizar _
945 ## - INFORMACION DE PROCESAMIENTO LOCAL
Responsable de carga/modificación Celeste Delía
AAAA-MM-DD - Fecha de ingreso/modificación 2017-08-22
Holdings
Retirado Perdido Fuente de clasificación Dañado No se presta Ubicación permanente Locación actual Estante o sala Fecha de adquisición Total préstamos Signatura topográfica Inventario Ultima fecha vista Fecha del precio Tipo de item de Koha
          Bib. Derecho Bib. Derecho Sala de Lectura 22/08/2017   35 N 313 203443 22/08/2017 22/08/2017 LIBRO (Consulta)

XHTML | CSS | ©Biblioteca Central - Dto. Tecnología de la Información - [ Con tecnología Koha ]